| 000 -LEADER |
| fixed length control field |
03023cam a2200385 a 4500 |
| 001 - CONTROL NUMBER |
| control field |
16987044 |
| 003 - CONTROL NUMBER IDENTIFIER |
| control field |
OSt |
| 005 - DATE AND TIME OF LATEST TRANSACTION |
| control field |
20170105102906.0 |
| 008 - FIXED-LENGTH DATA ELEMENTS--GENERAL INFORMATION |
| fixed length control field |
111003s2012 nyua b 001 0 eng |
| 010 ## - LIBRARY OF CONGRESS CONTROL NUMBER |
| LC control number |
2011041245 |
| 020 ## - INTERNATIONAL STANDARD BOOK NUMBER |
| International Standard Book Number |
9780415693936 (hbk.) |
| 020 ## - INTERNATIONAL STANDARD BOOK NUMBER |
| International Standard Book Number |
9780203122563 (pbk.) |
| 040 ## - CATALOGING SOURCE |
| Original cataloging agency |
DLC |
| Transcribing agency |
DLC |
| 050 00 - LIBRARY OF CONGRESS CALL NUMBER |
| Classification number |
U21.2 |
| Item number |
.C514 2012 |
| 082 00 - DEWEY DECIMAL CLASSIFICATION NUMBER |
| Classification number |
305.90695 |
| Edition number |
23 |
| Author Mark |
CIV 2012 |
| 245 00 - TITLE STATEMENT |
| Title |
Civilians and modern war : |
| Remainder of title |
armed conflict and the ideology of violence / |
| Statement of responsibility, etc. |
edited by Daniel Rothbart, Karina V. Korostelina and Mohammed D. Cherkaoui. |
| 246 30 - VARYING FORM OF TITLE |
| Title proper/short title |
Armed conflict and the ideology of violence |
| 260 ## - PUBLICATION, DISTRIBUTION, ETC. |
| Place of publication, distribution, etc. |
New York : |
| Name of publisher, distributor, etc. |
Routledge, |
| Date of publication, distribution, etc. |
c2012. |
| 300 ## - PHYSICAL DESCRIPTION |
| Extent |
xii, 354 p. : |
| Other physical details |
ill. ; |
| Dimensions |
24 cm. |
| 504 ## - BIBLIOGRAPHY, ETC. NOTE |
| Bibliography, etc. note |
Includes bibliographical references and index. |
| 505 0# - FORMATTED CONTENTS NOTE |
| Formatted contents note |
The place and plight of civilians in modern war / Daniel Rothbart, Karina Korostelina, and Mohammed D. Cherkaoui -- Targeting civilians -- The role of civilians in American war ideology / Richard Rubenstein -- Devastating civilians at home: the plight of Crimean Tatars and Californians of Asian descent during World War II / Karina Korostelina -- Military culture and civilian victimization: the case of American strategic bombing in World War II / Alexander Downes -- Double victims: the recruitment and treatment of child soldiers in Chechnya / Karina Korostelina & Juliia Kononenko -- Preserving civilian immunity -- The politics of civilian identity / Daniel Rothbart -- Israeli soldiers' perceptions of Palestinian civilians during the 2009 Gaza War / Neta Oren -- Civilian vulnerability in asymmetric conflict: lessons from the second Lebanon and Gaza Wars / Michael Gross -- Civilians overshadowed by soldiers: faceless victims of the public media narrative / Mohammed D. Cherkaoui -- Civilians, pundits, and the mediatized ideology / Mohammed D. Cherkaoui -- Redressing anti-civilian practices -- Trans-regional military dimensions of civilian protection: a two-part problem with a two-part solution / Donald C. F. Daniel and Tromila Wheat -- Civilians under the law: inequality, intersectionality, and irony / Susan Hirsch -- The price of justice / Michael Miklaucic -- Preventing genocide: the quest for system response / Andrea Bartoli and Testushi Ogata -- Making amends / Sarah Holewinski -- Conclusion: the road ahead / Daniel Rothbart, Karina Korostelina, and Mohammed D. Cherkaoui. |
| 650 #0 - SUBJECT ADDED ENTRY--TOPICAL TERM |
| Topical term or geographic name entry element |
Civilians in war. |
| 650 #0 - SUBJECT ADDED ENTRY--TOPICAL TERM |
| Topical term or geographic name entry element |
Combatants and noncombatants (International law) |
| 650 #0 - SUBJECT ADDED ENTRY--TOPICAL TERM |
| Topical term or geographic name entry element |
Civilian war casualties. |
| 650 #0 - SUBJECT ADDED ENTRY--TOPICAL TERM |
| Topical term or geographic name entry element |
War victims. |
| 650 #0 - SUBJECT ADDED ENTRY--TOPICAL TERM |
| Topical term or geographic name entry element |
Military history, Modern |
| Chronological subdivision |
20th century. |
| 650 #0 - SUBJECT ADDED ENTRY--TOPICAL TERM |
| Topical term or geographic name entry element |
Military history, Modern |
| Chronological subdivision |
21st century. |
| 650 #0 - SUBJECT ADDED ENTRY--TOPICAL TERM |
| Topical term or geographic name entry element |
War |
| General subdivision |
Moral and ethical aspects. |
| 700 1# - ADDED ENTRY--PERSONAL NAME |
| Personal name |
Rothbart, Daniel. |
| 700 1# - ADDED ENTRY--PERSONAL NAME |
| Personal name |
Korostelina, K. V. |
| Fuller form of name |
(Karina Valentinovna) |
| 700 1# - ADDED ENTRY--PERSONAL NAME |
| Personal name |
Cherkaoui, Mohammed D., |
| Dates associated with a name |
1960- |
| 906 ## - LOCAL DATA ELEMENT F, LDF (RLIN) |
| a |
7 |
| b |
cbc |
| c |
orignew |
| d |
1 |
| e |
ecip |
| f |
20 |
| g |
y-gencatlg |
| 942 ## - ADDED ENTRY ELEMENTS (KOHA) |
| Source of classification or shelving scheme |
|
| Koha item type |
Book |